Groupes de choses : Inde - Statistiques

Statistiques générales
  • Ce quiz a été pris 163 fois
  • Le résultat moyen est 21 sur 40
Statistiques - réponses
Hint Réponse % Correct
Pays européens qui ont colonisé l'Inde Royaume-Uni
98%
Pays européens qui ont colonisé l'Inde France
97%
Villes les plus peuplées Delhi
96%
Villes les plus peuplées Mumbai
92%
Pays limitrophes Népal
92%
Pays limitrophes Pakistan
92%
Pays limitrophes Chine
91%
Langues principales en Inde Bengali
89%
Pays limitrophes Bangladesh
88%
Pays limitrophes Bhoutan
86%
Pays européens qui ont colonisé l'Inde Portugal
86%
Religions majeures nées en Inde Hindouisme
85%
Rivières sacrées de l'Inde Gange
84%
Pays européens qui ont colonisé l'Inde Pays-Bas
78%
Pays limitrophes Birmanie
75%
Villes les plus peuplées Calcutta
75%
Religions majeures nées en Inde Bouddhisme
73%
Langues principales en Inde Hindi
70%
Divinités de la Trimūrti de la religion principale en Inde Shiva
57%
Villes les plus peuplées Bangalore
49%
Pays européens qui ont colonisé l'Inde Danemark
45%
Pays européens qui ont colonisé l'Inde Suède
44%
Divinités de la Trimūrti de la religion principale en Inde Vishnou
44%
Divinités de la Trimūrti de la religion principale en Inde Brahmâ
42%
Villes les plus peuplées Chennai
40%
Rivières sacrées de l'Inde Indus
38%
Langues principales en Inde Tamoul
35%
Pays européens qui ont colonisé l'Inde Autriche
33%
Religions majeures nées en Inde Sikhisme
33%
Villes les plus peuplées Hyderabad
27%
Langues principales en Inde Ourdou
21%
Religions majeures nées en Inde Jaïnisme
13%
Langues principales en Inde Gujarati
9%
Langues principales en Inde Marathi
9%
Langues principales en Inde Télougou
9%
Rivières sacrées de l'Inde Yamunâ
9%
Rivières sacrées de l'Inde Kâverî
3%
Rivières sacrées de l'Inde Godâvarî
2%
Rivières sacrées de l'Inde Narmadâ
2%
Rivières sacrées de l'Inde Sarasvati
1%
Aucun quiz correspondant
Distribution des résultats
% des personnes avec chaque résultat
Percentile par nombre de réponses
Votre historique - résultats
Vous n’avez pas pris ce quiz